| Record ID | marc_loc_updates/v38.i26.records.utf8:1514058:885 |
| Source | Library of Congress |
| Download Link | /show-records/marc_loc_updates/v38.i26.records.utf8:1514058:885?format=raw |
LEADER: 00885cam a22002411 4500
001 43014367
003 DLC
005 20100623150654.0
008 760119s1943 nyuaf 000 1 eng
010 $a 43014367
035 $a(OCoLC)1933995
040 $aDLC$cFTaSU$dOCoLC$dDLC
041 1 $aengrus
042 $apremarc
050 00 $aPZ3.T844$bFa 22
100 1 $aTurgenev, Ivan Sergeevich,$d1818-1883.
245 10 $aFathers & sons,$ctranslated from the Russian by Constance Garnett, with a foreword by Sinclair Lewis & illustrated with wood engravings by Fritz Eichenberg ...
260 $aNew York,$bThe press of the Readers club$c[1943]
300 $ax p., 1 l., 234 p., 1 l.$bincl. front., plates.$c22 cm.
490 0 $aThe Heritage reprints
500 $aAt head of title: Ivan Turgenev.
700 1 $aGarnett, Constance,$d1861-1946,$etr.
700 1 $aElchenberg, Fritz,$d1901-$eillus.